000
00197nam a2200097Ia 4500
008
240331s9999 xx 000 0 und d
082
_b
SAK
100
_a
Shakthi,S
245
0
_a
Kolainilam
942
_c
L
999
_c
5656
_d
5656